|
|
|
|
| LEADER |
04232nam a22004213i 4500 |
| 001 |
EBC6955651 |
| 003 |
MiAaPQ |
| 005 |
20231204023222.0 |
| 006 |
m o d | |
| 007 |
cr cnu|||||||| |
| 008 |
231204s2015 xx o ||||0 ger d |
| 020 |
|
|
|a 9783839403044
|q (electronic bk.)
|
| 020 |
|
|
|z 9783899423044
|
| 035 |
|
|
|a (MiAaPQ)EBC6955651
|
| 035 |
|
|
|a (Au-PeEL)EBL6955651
|
| 035 |
|
|
|a (OCoLC)1049912219
|
| 040 |
|
|
|a MiAaPQ
|b eng
|e rda
|e pn
|c MiAaPQ
|d MiAaPQ
|
| 100 |
1 |
|
|a Groß, Matthias.
|
| 245 |
1 |
0 |
|a Realexperimente :
|b Ökologische Gestaltungsprozesse in der Wissensgesellschaft.
|
| 250 |
|
|
|a 1st ed.
|
| 264 |
|
1 |
|a Bielefeld :
|b transcript,
|c 2015.
|
| 264 |
|
4 |
|c {copy}2015.
|
| 300 |
|
|
|a 1 online resource (236 pages)
|
| 336 |
|
|
|a text
|b txt
|2 rdacontent
|
| 337 |
|
|
|a computer
|b c
|2 rdamedia
|
| 338 |
|
|
|a online resource
|b cr
|2 rdacarrier
|
| 490 |
1 |
|
|a Science Studies
|
| 505 |
0 |
|
|a Cover Realexperimente -- Inhalt -- Danksagung -- 1. Einleitung -- 1.1 Experimentelle Praktiken in der Wissensgesellschaft -- 1.2 Typologie des Experimentierens -- 1.3 Realexperimente: Überraschung und Akkommodation -- 1.4 Zum weiteren Aufbau des Buches -- 2. Experiment und Modernität -- 2.1 Die Wurzeln des Experimentierens in der Renaissance -- 2.2 Legitimation des Experiments: Der baconische Kontrakt zwischen Wissenschaft und Gesellschaft -- 2.3 Das Selbst des Experimentators -- 2.4 Die Einbettung der Experimente in die Zyklizität der Natur -- 2.5 Die Verbindung von Lernprozessen innerhalb und außerhalb des Labors -- 3. Die moderne Gesellschaft als Experimentierraum -- 3.1 Gesellschaftswissenschaft und die Anwendung von Wissen -- 3.2 Die Stadt als gesellschaftliches Experiment -- 3.3 Sozialexperimente und die Experimentiergesellschaft -- 3.4 Gesellschaft im Selbstexperiment: Experimentelle Wissensgesellschaft -- 4. Rekursives Lernen in der Sackgasse: Viehzucht in der Savanne Tansanias -- 4.1 Mkwaja Ranch: Viehzucht als Herausforderung -- 4.2 Der Kampf gegen Zecken und Krankheitserreger -- 4.3 Von Fliegenbarrieren und sterilen Männchen: Die Kontrolle der Tsetsefliegen -- 4.4 Altöl, Ziegen und Traktoren - Mit voller Kraft gegen unerwartetes Gestrüpp -- 4.5 Sisal und Sozialismus: Externe Einflüsse auf das Schicksal der Ranch -- 4.6 Unterwegs im Labyrinth: Rekursives Scheitern -- 5. Heterogene Akteure und experimentelle Kooperationen: Parkgestaltung in Chicago -- 5.1 Naturschutz und Naturdesign -- 5.2 Ökologische Restaurierung in Nordamerika -- 5.3 Chicago, Green City: Ökologische Gestaltung in der Metropole -- 5.4 Stadt, Strand, Michigansee: Parkrestaurierung und städtische Planung -- 5.5 Gesellschaft und Wissenschaft in Kooperation: Die Öffentlichkeit als Gestalter -- 6. Vergessenes Wissen und Überraschungen: Der Sempachersee als Labor.
|
| 505 |
8 |
|
|a 6.1 Der Stand des Wissens um 1970 -- 6.2 Vom Computermodell zur Seenbelüftung: Die Sanierung des Sempachersees -- 6.3 Vom überdüngten See zum überdüngten Boden -- 6.4 Durch Scheitern zum Erfolg: Seesanierung als rekursiver Lernprozess -- 7. Experimentelle Praktiken der deutschen Abfallentsorgung: Von der wilden Deponie zum Dualen System -- 7.1 Paradigmen der Müllentsorgung -- 7.2 Die ›wilde‹ Deponierung und die ›geordnete‹ Deponie -- 7.3 Experimentaldeponien: Die Verknüpfung von Theorie und Praxis -- 7.4 Organisationale Aspekte der Realexperimente mit Entsorgungsnetzwerken -- 7.5 Der Abfall im Kreislauf -- 7.6 Neue Wissensproduktion und die Zukunft des Mülls -- 8. Die Zukunft des Experiments in der Wissensgesellschaft -- Literatur.
|
| 588 |
|
|
|a Description based on publisher supplied metadata and other sources.
|
| 590 |
|
|
|a Electronic reproduction. Ann Arbor, Michigan : ProQuest Ebook Central, 2023. Available via World Wide Web. Access may be limited to ProQuest Ebook Central affiliated libraries.
|
| 655 |
|
4 |
|a Electronic books.
|
| 700 |
1 |
|
|a Hoffmann-Riem, Holger.
|
| 700 |
1 |
|
|a Krohn, Wolfgang.
|
| 776 |
0 |
8 |
|i Print version:
|a Groß, Matthias
|t Realexperimente
|d Bielefeld : transcript,c2015
|z 9783899423044
|
| 797 |
2 |
|
|a ProQuest (Firm)
|
| 830 |
|
0 |
|a Science Studies
|
| 856 |
4 |
0 |
|u https://ebookcentral.proquest.com/lib/matrademy/detail.action?docID=6955651
|z Click to View
|